Outer space : (Record no. 40432)

MARC details
000 -LEADER
fixed length control field 00957nam a22002537a 4500
005 - DATE AND TIME OF LATEST TRANSACTION
control field 20100809155112.0
010 ## - LCCN (DPL NO)
LC control number ENG-99063
020 ## - INTERNATIONAL STANDARD BOOK NUMBER
International Standard Book Number 9789380502281
Terms of availability 580.00
035 ## - SYSTEM CONTROL NUMBER
System control number EN-82595
037 ## - SOURCE OF ACQUISITION
Source of stock number/acquisition DBAD/PUB
082 ## - DEWEY DECIMAL CLASSIFICATION NUMBER
Classification number 520.95422
100 ## - MAIN ENTRY--PERSONAL NAME
Personal name Sachdeva, G. S.
245 ## - TITLE STATEMENT
Title Outer space :
Remainder of title security and legal challenges /
Statement of responsibility, etc by G. S. Sachdeva
260 ## - PUBLICATION, DISTRIBUTION, ETC. (IMPRINT)
Place of publication, distribution, etc New Delhi
Name of publisher, distributor, etc KW Publishers
Date of publication, distribution, etc 2010
270 ## - ADDRESS
Address 4676/21, First Floor, Ansari Road, Daryaganj
City New Delhi
Postal code 110002
300 ## - PHYSICAL DESCRIPTION
Extent xvi,241p.
Dimensions 23cm (Hb)
500 ## - GENERAL NOTE
General note Includes index
650 ## - SUBJECT ADDED ENTRY--TOPICAL TERM
Topical term or geographic name as entry element Outer space-civilian use-economic aspects
Geographic subdivision India
650 ## - SUBJECT ADDED ENTRY--TOPICAL TERM
Topical term or geographic name as entry element Space law
Geographic subdivision India
650 ## - SUBJECT ADDED ENTRY--TOPICAL TERM
Topical term or geographic name as entry element National security
Geographic subdivision India
650 ## - SUBJECT ADDED ENTRY--TOPICAL TERM
Topical term or geographic name as entry element Astronautics, military
Geographic subdivision India
942 ## - ADDED ENTRY ELEMENTS (KOHA)
Source of classification or shelving scheme Dewey Decimal Classification
Item type English Books
Classification part 520.95422
Call number suffix SAC
Holdings
Withdrawn status Lost status Not for loan Collection code Home library Current library Date acquired Source of acquisition Cost, normal purchase price Full call number Barcode Copy number Cost, replacement price Koha item type
    Not For Loan Non-fiction D.B.Act.Division D.B.Act.Division 09/08/2010 DBAD/PUB 580.00 520.95422 SAC EN-82595 1 580.00 English Books

© Delhi Public Library
Hit Counter
free hit counter